[Event "Rijeka Paris Memorial op"]
[Site "Rijeka"]
[Date "2004.01.23"]
[Round "1.4"]
[White "Rukavina, Josip"]
[Black "Vukicevic, Dragoljub"]
[Result "1-0"]
[WhiteElo "2422"]
[BlackElo "2020"]
[PlyCount "69"]
[EventDate "2004.01.17"]
[EventType "swiss"]
[EventRounds "9"]
[EventCountry "CRO"]
[SourceTitle "CBM 098 Extra"]
[Source "ChessBase"]
[SourceDate "2004.03.10"]
[SourceVersion "2"]
[SourceVersionDate "2004.03.10"]
[SourceQuality "1"]

1. Nf3 Nf6 2. c4 e6 3. g3 d5 4. Bg2 c6 5. Qc2 Be7 6. 0-0 0-0 7. d4 Nbd7 8. Nbd2 Re8 9. e4 dxe4 10. Nxe4 Nxe4 11. Qxe4 Nf6 12. Qe2 h6 13. Rd1 Bf8 14. Bd2 a5 15. a3 a4 16. Bc3 Qc7 17. Rac1 Bd6 18. Ne5 Bxe5 19. dxe5 Nd7 20. Qe3 c5 21. Rd6 Nb6 22. Qd3 Bd7 23. Rxb6 Qxb6 24. Qxd7 Qb3 25. Qxb7 Qxc4 26. Qxa8 Rxa8 27. Bxa8 Qb3 28. Be4 g6 29. Bc2 Qc4 30. Re1 Qb5 31. Re4 c4 32. Bd1 Qd5 33. Rd4 Qb5 34. Be2 Kh7 35. Bxc4 1-0

[Event "Primorsko Goranska op"]
[Site "Rijeka"]
[Date "2001.??.??"]
[Round "7"]
[White "Vukicevic, Dragoljub"]
[Black "Krkljes, Slaven"]
[Result "0-1"]
[WhiteElo "2000"]
[BlackElo "2135"]
[PlyCount "46"]
[EventDate "2001.09.06"]
[EventType "swiss"]
[EventRounds "9"]
[EventCountry "YUG"]
[SourceTitle "EXT 2002"]
[Source "ChessBase"]
[SourceDate "2001.11.25"]
[SourceVersion "1"]
[SourceVersionDate "2001.11.25"]
[SourceQuality "1"]

1. e4 c5 2. Nf3 d6 3. Nc3 Nf6 4. d4 cxd4 5. Nxd4 a6 6. Be3 e6 7. Qd2 Qc7 8. Be2 b5 9. a3 Bb7 10. Bf3 Nbd7 11. Bg5 Be7 12. Bxf6 Bxf6 13. 0-0 Ne5 14. Be2 0-0 15. Rfd1 Rac8 16. Rac1 Rfd8 17. Bd3 h6 18. Nde2 Bg5 19. f4 Ng4 20. fxg5 Qc5+ 21. Nd4 Qxd4+ 22. Kh1 Nf2+ 23. Kg1 Nxe4+ 0-1